[Event "Oberliga Sued W 1819"]
[Site "Germany"]
[Date "2019.03.24"]
[Round "8.8"]
[White "Scheuermann, Gerhard"]
[Black "Grieb, Stefan"]
[Result "1-0"]
[WhiteElo "2124"]
[BlackElo "1886"]
[PlyCount "45"]
[EventDate "2018.10.21"]
[EventType "team-tourn"]
[EventRounds "9"]
[EventCountry "GER"]
[SourceTitle "EXT 2020"]
[Source "ChessBase"]
[SourceDate "2019.10.17"]
[SourceVersion "1"]
[SourceVersionDate "2019.10.17"]
[SourceQuality "1"]
[WhiteTeam "Schwarzenbach Caissa"]
[BlackTeam "Gau Algesheim"]
[WhiteTeamCountry "GER"]
[BlackTeamCountry "GER"]

1. e4 c6 2. d4 d5 3. e5 Bf5 4. Nc3 e6 5. g4 Bg6 6. Nge2 h6 7. h4 Be7 8. h5 Bh7 9. Be3 c5 10. Qd2 Nc6 11. 0-0-0 cxd4 12. Bxd4 Qa5 13. f4 Nb4 14. f5 Nxa2+ 15. Nxa2 Qxa2 16. Nc3 Qa5 17. Bb5+ Kd8 18. Kb1 Bg5 19. Qf2 Ne7 20. Bc5 Nc6 21. fxe6 fxe6 22. Qf7 Re8 23. Nxd5 1-0

[Event "Oberliga Sued W 1314"]
[Site "Germany"]
[Date "2013.11.24"]
[Round "3.7"]
[White "Grieb, Stefan"]
[Black "Flierl, Pascal"]
[Result "0-1"]
[WhiteElo "1937"]
[BlackElo "2176"]
[PlyCount "80"]
[EventDate "2013.10.13"]
[EventType "team-tourn"]
[EventRounds "9"]
[EventCountry "GER"]
[SourceTitle "EXT 2015"]
[Source "ChessBase"]
[SourceDate "2014.11.20"]
[SourceVersion "1"]
[SourceVersionDate "2014.11.20"]
[SourceQuality "1"]
[WhiteTeam "Gau Algesheim"]
[BlackTeam "Schwegenheim"]
[WhiteTeamCountry "GER"]
[BlackTeamCountry "GER"]

1. d4 e6 2. Nf3 Nf6 3. g3 b6 4. Bg2 Bb7 5. 0-0 c5 6. c3 Be7 7. Bg5 d6 8. Re1 0-0 9. Nbd2 cxd4 10. cxd4 Nc6 11. Rc1 Rc8 12. a3 Rc7 13. b4 Nd5 14. Bxe7 Ncxe7 15. Qb3 Qd7 16. Rxc7 Qxc7 17. e4 Nf6 18. e5 Nd7 19. Ne4 dxe5 20. Neg5 Bxf3 21. Bxf3 h6 22. Nxe6 fxe6 23. Qxe6+ Kh8 24. Be4 Nf6 25. Qxe5 Qxe5 26. dxe5 Nxe4 27. Rxe4 Rd8 28. Rc4 Rd7 29. Kg2 Kg8 30. f4 Kf7 31. a4 Ke6 32. Kf3 g6 33. g4 Rd1 34. Rc7 Rd4 35. Rxa7 Rxb4 36. Ra6 Nd5 37. f5+ gxf5 38. gxf5+ Kxf5 39. a5 Rb3+ 40. Ke2 Ra3 0-1

[Event "Rheinland Pfalz op 5th"]
[Site "Worms"]
[Date "2013.06.02"]
[Round "7"]
[White "Schneider, Lutz Peter"]
[Black "Grieb, Stefan"]
[Result "0-1"]
[WhiteElo "1759"]
[BlackElo "1943"]
[PlyCount "32"]
[EventDate "2013.05.30"]
[EventType "swiss"]
[EventRounds "7"]
[EventCountry "GER"]
[SourceTitle "EXT 2014"]
[Source "ChessBase"]
[SourceDate "2013.11.20"]
[SourceVersion "1"]
[SourceVersionDate "2013.11.20"]
[SourceQuality "1"]

1. e4 c6 2. d4 d5 3. e5 Bf5 4. h4 h5 5. Be2 e6 6. Be3 c5 7. c3 Nc6 8. f4 cxd4 9. Bxd4 Nxd4 10. Qxd4 Ne7 11. Qa4+ Nc6 12. Nf3 Bc5 13. Nd4 Bxd4 14. cxd4 Qb6 15. Bb5 0-0 16. Bxc6 Qxb2 0-1

[Event "Rheinland Pfalz op 5th"]
[Site "Worms"]
[Date "2013.05.30"]
[Round "2"]
[White "Grieb, Stefan"]
[Black "Englert, Fabian"]
[Result "0-1"]
[WhiteElo "1943"]
[BlackElo "2244"]
[PlyCount "118"]
[EventDate "2013.05.30"]
[EventType "swiss"]
[EventRounds "7"]
[EventCountry "GER"]
[SourceTitle "EXT 2014"]
[Source "ChessBase"]
[SourceDate "2013.11.20"]
[SourceVersion "1"]
[SourceVersionDate "2013.11.20"]
[SourceQuality "1"]

1. d4 g6 2. e3 Bg7 3. Nf3 d6 4. c4 Nd7 5. Nc3 e5 6. Be2 Ne7 7. 0-0 0-0 8. b3 h6 9. Bb2 f5 10. dxe5 dxe5 11. Nd5 c6 12. Nxe7+ Qxe7 13. Qc2 c5 14. Rfd1 g5 15. Qd2 g4 16. Ne1 Nf6 17. Qd6 Qxd6 18. Rxd6 Ne4 19. Rdd1 b6 20. f3 Ng5 21. Kf2 h5 22. Rd2 Be6 23. Nd3 Nf7 24. Rad1 Rae8 25. Ne1 Kh7 26. Bd3 Bf6 27. f4 Kg7 28. g3 h4 29. Bf1 Rh8 30. Bg2 e4 31. Bxf6+ Kxf6 32. Nc2 Rb8 33. a4 Ke7 34. Na3 a6 35. Bf1 Nd8 36. Nb1 Nc6 37. Nc3 Nb4 38. gxh4 Rxh4 39. Kg3 Rbh8 40. Na2 Nd3 41. Nc3 Rh3+ 42. Bxh3 Rxh3+ 43. Kg2 Rxe3 44. Ne2 Nb4 45. Rb2 Nc6 46. Rh1 Nd4 47. Nxd4 cxd4 48. h3 gxh3+ 49. Rxh3 Rxh3 50. Kxh3 Kd6 51. a5 bxa5 52. Ra2 d3 53. Kg3 Kc5 54. Rxa5+ Kd4 55. Rxa6 Bf7 56. Rd6+ Kc3 57. c5 e3 58. c6 e2 59. Kf2 Kd2 0-1